Southville International School and Colleges
Your cart is empty.
  • Cart
  • Lists
    Public lists Eva Luna New books Lux_list list_1
    Your lists Log in to create your own lists
  • Log in to your account
  • Your cookies
  • Search history
Southville International School and Colleges
  • Advanced search
  • Recent comments
  • Most popular
  • Libraries

Log in to your account

Log in with GOOGLE


If you do not have an external account, but do have a local account, you can still log in:

  1. Home
  2. MARC view: El Filibusterismo /
Normal view MARC view ISBD view

El Filibusterismo / (Record no. 358127)

[ view plain ]
MARC details
000 -LEADER
fixed length control field 00547nam a2200193Ia 4500
008 - FIXED-LENGTH DATA ELEMENTS--GENERAL INFORMATION
fixed length control field 180628s9999 xx 000 0 und d
020 ## - INTERNATIONAL STANDARD BOOK NUMBER
International Standard Book Number 978-0-14-310639-5
050 ## - LIBRARY OF CONGRESS CALL NUMBER
Classification number FIL PQ 8897
050 ## - LIBRARY OF CONGRESS CALL NUMBER
Item number .R59E4 2011
100 ## - MAIN ENTRY--PERSONAL NAME
Personal name Rizal, Jose.
245 #0 - TITLE STATEMENT
Title El Filibusterismo /
245 #0 - TITLE STATEMENT
Statement of responsibility, etc Jose Rizal; translated [from the Spanish] with an introduction and notes by Harold Augenbraum.
260 ## - PUBLICATION, DISTRIBUTION, ETC. (IMPRINT)
Place of publication, distribution, etc New York :
260 ## - PUBLICATION, DISTRIBUTION, ETC. (IMPRINT)
Name of publisher, distributor, etc Penguin Group,
260 ## - PUBLICATION, DISTRIBUTION, ETC. (IMPRINT)
Date of publication, distribution, etc 2011
300 ## - PHYSICAL DESCRIPTION
Extent 339 pages :
300 ## - PHYSICAL DESCRIPTION
Dimensions 20 cm.
650 ## - SUBJECT ADDED ENTRY--TOPICAL TERM
Topical term or geographic name as entry element Philippines -- Fiction.
Holdings
Withdrawn status Lost status Damaged status Home library Current library Shelving location Date acquired Cost, normal purchase price Total Checkouts Full call number Barcode Date last seen Price effective from Koha item type
      South Mansfield College South Mansfield College Filipiniana Section 06/19/2018 471.20   FIL PQ 8897 .R59E4 2011 SMC06137 06/28/2018 06/28/2018 Books

El Filibusterismo /

APA

Rizal J., .El Filibusterismo. New York: .

Chicago

Rizal Jose, .El Filibusterismo. New York: .

Harvard

Rizal J., .El Filibusterismo. New York: .

MLA

Rizal Jose, .New York: . .

  • Place hold
  • Print
  • Cite
  • Add to your cart (remove)
  • Save record
    BIBTEX Dublin Core MARCXML MARC (non-Unicode/MARC-8) MARC (Unicode/UTF-8) MARC (Unicode/UTF-8, Standard) MODS (XML) RIS
  • More searches
    Search for this title in:
    Other Libraries (WorldCat) Other Databases (Google Scholar) Online Stores (Bookfinder.com) Open Library (openlibrary.org)

Exporting to Dublin Core...

SOUTHVILLE LIBRARY

Southville International School and Colleges Library

1281 Tropical Ave. Cor. Luxembourg St., BF Homes International, Las Pinas City

Tel. No. 8256374 / 252358 Loc. 117/146

Powered by Koha